Normal view
MARC view
- Swaneh
Entry Topical Term
001 - CONTROL NUMBER
- control field: 123615
003 - CONTROL NUMBER IDENTIFIER
- control field: NUST
005 - DATE AND TIME OF LATEST TRANSACTION
- control field: 20240613112814.0
008 - FIXED-LENGTH DATA ELEMENTS
- fixed length control field: 240613|| aca||aabn | a|a d
040 ## - CATALOGING SOURCE
- Original cataloging agency: NUST
- Transcribing agency: NUST
150 ## - HEADING--TOPICAL TERM
- Topical term or geographic name entry element: Swaneh
670 ## - SOURCE DATA FOUND
- Source citation: Work cat.: (NUST)594300: Shahab, Qudrat Ullah 51134, Shahab Nama /, 2005
